[Event "Winters "]
[Site "SchemingMind.com"]
[Date "2023.01.26"]
[Round "-"]
[White "Clive Everill"]
[Black "kenneth m day"]
[Result "1-0"]
[WhiteCountry "CZE"]
[BlackCountry "USA"]
[WhiteElo "1708"]
[WhiteRD "56"]
[BlackElo "1628"]
[BlackRD "56"]
[GameID "730665"]

1. Nf3 d5 2. c4 c6 3. e3 Nf6 4. Nc3 Bg4 5. Qb3 Qc7 6. cxd5 cxd5 7. Nxd5 Nxd5 8. Qxd5 Nc6 9. Ng5 e6 10. Qc4 Bh5
11. b3 Be7 12. Ne4 O-O 13. f3 Rfd8 14. Be2 Qe5 15. d4 Qd5 16. Qxd5 Rxd5 17. O-O Rc8 18. Bc4 Rdd8 19. Bb2 a6 20. Ng3 Bg6
21. f4 b5 22. Be2 h6 23. Rac1 Nb4 24. a3 Nd5 25. e4 Ne3 26. Rfe1 Nc2 27. Red1 Nxa3 28. f5 exf5 29. exf5 Bh7 30. Bg4 Bf6
31. Rxc8 Rxc8 32. Bxa3 Rc3 33. d5 Rxb3 34. Bc5 Bd8 35. Re1 a5 36. Re8#
1-0

[Event "Winters "]
[Site "SchemingMind.com"]
[Date "2023.01.26"]
[Round "-"]
[White "kenneth m day"]
[Black "Clive Everill"]
[Result "0-1"]
[WhiteCountry "USA"]
[BlackCountry "CZE"]
[WhiteElo "1628"]
[WhiteRD "56"]
[BlackElo "1708"]
[BlackRD "56"]
[GameID "730666"]

1. e4 e5 2. Nf3 Nc6 3. c3 d5 4. Qa4 Bd7 5. exd5 Nd4 6. Qd1 Nxf3+ 7. Qxf3 Bd6 8. Bc4 f5 9. d3 Nf6 10. Bg5 O-O
11. Nd2 b5 12. Bb3 Qe8 13. O-O Qg6 14. Bh4 e4 15. dxe4 Ng4 16. Bg3 f4 17. Bh4 Ne5 18. Qd1 Bh3 19. g3 Bxf1 20. Qxf1 fxg3
21. Bxg3 Ng4 22. Kh1 Bxg3 23. hxg3 Qh5+
0-1

[Event "Winters "]
[Site "SchemingMind.com"]
[Date "2023.02.03"]
[Round "-"]
[White "David Hartley"]
[Black "Clive Everill"]
[Result "1-0"]
[WhiteCountry "ENG"]
[BlackCountry "CZE"]
[WhiteElo "1832"]
[WhiteRD "76"]
[BlackElo "1675"]
[BlackRD "55"]
[GameID "730969"]

1. d4 d5 2. c4 c6 3. Nf3 Nf6 4. e3 Bf5 5. Nc3 e6 6. Nh4 Bg6 7. Nxg6 hxg6 8. Bd2 Bd6 9. g3 Nbd7 10. Qb3 Rb8
11. Bg2 O-O 12. O-O Qe7 13. Rac1 dxc4 14. Qxc4 Nb6 15. Qe2 Rfc8 16. e4 Nh7 17. f3 c5 18. Be3 cxd4 19. Bxd4 Bc5 20. Qf2 Bxd4
21. Qxd4 Rd8 22. Qf2 Qb4 23. Rfd1 Nf6 24. Bf1 Nfd7 25. Rd4 Qe7 26. Rcd1 a6 27. Qd2 Rbc8 28. a4 Rc7 29. a5 Nc8 30. Na4 Qe8
31. b4 Ne7 32. Nb6 Nc6 33. Rd6 Nce5 34. Be2 f6 35. f4 Nf7 36. Rd4 e5 37. Rd5 Kh7 38. Nxd7 Rcxd7 39. Rxd7 Rxd7 40. Qxd7 Qf8
41. Qxb7 Nd6 42. Qc6 Nf7 43. Qb6 exf4 44. gxf4 g5 45. f5 Ne5 46. h3 Qc8 47. Qc5 Qe8 48. b5 axb5 49. a6 Qa8 50. Ra1 Qxe4
51. Qf2 Nc6 52. a7 Nxa7 53. Rxa7 Qb1+ 54. Qf1 Qb3 55. Qf3 Qb1+ 56. Kf2 Qb4 57. Qh5+ Kg8 58. Ra8+
1-0

[Event "Winters "]
[Site "SchemingMind.com"]
[Date "2023.02.03"]
[Round "-"]
[White "Clive Everill"]
[Black "David Hartley"]
[Result "0-1"]
[WhiteCountry "CZE"]
[BlackCountry "ENG"]
[WhiteElo "1708"]
[WhiteRD "56"]
[BlackElo "1826"]
[BlackRD "78"]
[GameID "730970"]

1. c4 c5 2. Nc3 Nc6 3. e3 e5 4. Nf3 Nf6 5. Be2 Be7 6. O-O O-O 7. d4 exd4 8. exd4 d6 9. d5 Nb8 10. Re1 h6
11. h3 Bf5 12. Nh4 Bh7 13. Bg4 Nxg4 14. Rxe7 Qxe7 15. Qxg4 Kh8 16. Bd2 Qd7 17. Qf3 Na6 18. Re1 Rae8 19. Rxe8 Rxe8 20. Nb5 Nc7
21. a4 Nxb5 22. axb5 Qe7 23. g3 Qe2 24. Qc3 Qd1+ 25. Kg2 Kg8 26. Be3 Be4+ 27. f3 Bd3
0-1

[Event "Winters "]
[Site "SchemingMind.com"]
[Date "2023.02.02"]
[Round "-"]
[White "David Hartley"]
[Black "kenneth m day"]
[Result "0-1"]
[WhiteCountry "ENG"]
[BlackCountry "USA"]
[WhiteElo "1730"]
[WhiteRD "79"]
[BlackElo "1697"]
[BlackRD "63"]
[GameID "730971"]

1. d4 Nf6 2. c4 e6 3. Nc3 Bb4 4. Qc2 O-O 5. a3 Be7 6. e4 d5 7. e5 Ne8 8. Nf3 f6 9. exf6 Nxf6 10. Be3 Nbd7
11. Be2 dxc4 12. Bxc4 Nb6 13. Be2 Nbd5 14. O-O Ng4 15. Bd2 Nxc3 16. Bxc3 b6 17. h3 Nf6 18. Rad1 Bb7 19. Rfe1 Qd5 20. Bd2 Bd6
21. Bc4 Qc6 22. Bxe6+ Kh8 23. Qxc6 Bxc6 24. Nh2 h6 25. Bc4 Ne4 26. Nf3 Nxd2 27. Nxd2 Rf4 28. d5 Bd7 29. Re4 Raf8 30. Rxf4 Rxf4
31. Bb3 Bc5 32. Nf3 Bb5 33. Rd2 Bd6 34. Rd4 Rf8 35. Bc4 Bd7 36. Rd1 Ba4 37. b3 Bd7 38. a4 Rf4 39. Kf1 Re4 40. Nd4 Bc5
41. Bb5 Rxd4
0-1

[Event "Winters "]
[Site "SchemingMind.com"]
[Date "2023.02.03"]
[Round "-"]
[White "kenneth m day"]
[Black "David Hartley"]
[Result "1-0"]
[WhiteCountry "USA"]
[BlackCountry "ENG"]
[WhiteElo "1664"]
[WhiteRD "61"]
[BlackElo "1795"]
[BlackRD "78"]
[GameID "730972"]

1. e4 c5 2. d4 cxd4 3. c3 dxc3 4. Nxc3 Nc6 5. Nf3 e6 6. Bc4 d6 7. Be3 a6 8. O-O b5 9. Bb3 Bd7 10. Rc1 g6
11. Re1 Bg7 12. Qxd6 Bf8 13. Qd2 Qc7 14. Nd4 Qb7 15. Nxc6 Bxc6 16. Bd4 f6 17. Bxe6 Bg7 18. Qe3 Bh6 19. Qf3 Bxc1 20. Rxc1 Ke7
21. Bd5 Kd6 22. Qf4+ Kd7 23. Bxf6 Nxf6 24. Qxf6 Raf8 25. Qe6+ Kc7 26. Bxc6
1-0

[Event "Winters "]
[Site "SchemingMind.com"]
[Date "2023.02.04"]
[Round "-"]
[White "David Hartley"]
[Black "WillyCasanova"]
[Result "1-0"]
[WhiteCountry "ENG"]
[BlackCountry "MEX"]
[WhiteElo "1832"]
[WhiteRD "76"]
[BlackElo "963"]
[BlackRD "141"]
[GameID "730986"]

1. d4 Nf6 2. c4 e6 3. Nc3 d5 4. cxd5 exd5 5. Bg5 c6 6. Qc2 h6 7. Bh4 g6 8. f3 Be7 9. Bf2 O-O 10. e3 c5
11. dxc5
1-0

[Event "Winters "]
[Site "SchemingMind.com"]
[Date "2023.02.04"]
[Round "-"]
[White "WillyCasanova"]
[Black "David Hartley"]
[Result "0-1"]
[WhiteCountry "MEX"]
[BlackCountry "ENG"]
[WhiteElo "955"]
[WhiteRD "142"]
[BlackElo "1795"]
[BlackRD "78"]
[GameID "730987"]

1. d4 Nf6 2. c4 e6 3. Nc3 d5 4. cxd5 exd5 5. Bg5 c6 6. e3 Be7 7. Bd3 Nbd7 8. h3 h6 9. Bf4 O-O 10. Nf3 Re8
11. O-O Nb6
0-1

[Event "Winters "]
[Site "SchemingMind.com"]
[Date "2023.02.04"]
[Round "-"]
[White "Clive Everill"]
[Black "WillyCasanova"]
[Result "1-0"]
[WhiteCountry "CZE"]
[BlackCountry "MEX"]
[WhiteElo "1675"]
[WhiteRD "55"]
[BlackElo "963"]
[BlackRD "141"]
[GameID "730988"]

1. e4 e5 2. Nc3 Nf6 3. f4 d5 4. fxe5 Nxe4 5. Nf3 Be7 6. Qe2 Nxc3 7. dxc3 c5 8. Bf4 O-O 9. O-O-O Qa5 10. a3 Be6
11. Bg5
1-0

[Event "Winters "]
[Site "SchemingMind.com"]
[Date "2023.02.06"]
[Round "-"]
[White "WillyCasanova"]
[Black "Clive Everill"]
[Result "0-1"]
[WhiteCountry "MEX"]
[BlackCountry "CZE"]
[WhiteElo "963"]
[WhiteRD "141"]
[BlackElo "1675"]
[BlackRD "55"]
[GameID "730989"]

1. d4 d5 2. c4 dxc4 3. e3 e5 4. Bxc4 Nc6 5. Nf3 e4 6. Nfd2 Qg5 7. Nxe4 Qxg2 8. Ng3 Nf6 9. Nc3 Bb4 10. Bd2 Bg4
11. Be2 Bxe2 12. Qxe2 Qh3 13. O-O-O O-O-O 14. Qf3 Qe6
0-1

[Event "Winters "]
[Site "SchemingMind.com"]
[Date "2023.02.04"]
[Round "-"]
[White "kenneth m day"]
[Black "WillyCasanova"]
[Result "1-0"]
[WhiteCountry "USA"]
[BlackCountry "MEX"]
[WhiteElo "1679"]
[WhiteRD "60"]
[BlackElo "963"]
[BlackRD "141"]
[GameID "730990"]

1. e4 c5 2. d4 cxd4 3. c3 dxc3 4. Nxc3 Nc6 5. Bc4 e6 6. Nf3 Bb4 7. Bd2 Nge7 8. O-O O-O 9. a3 Ba5 10. Rc1 a6
11. Ba2 b5 12. Ne2
1-0

[Event "Winters "]
[Site "SchemingMind.com"]
[Date "2023.02.04"]
[Round "-"]
[White "WillyCasanova"]
[Black "kenneth m day"]
[Result "0-1"]
[WhiteCountry "MEX"]
[BlackCountry "USA"]
[WhiteElo "963"]
[WhiteRD "141"]
[BlackElo "1679"]
[BlackRD "60"]
[GameID "730991"]

1. e4 e5 2. Nf3 d5 3. exd5 Bd6 4. Nc3 Nf6 5. Bb5+ c6 6. dxc6 bxc6 7. Bc4 Bb7 8. O-O Nbd7 9. d4 O-O 10. Bg5 exd4
11. Qxd4 Be7 12. Rad1 Re8 13. Qf4 h6 14. Bxh6 gxh6
0-1

[Event "Winters "]
[Site "SchemingMind.com"]
[Date "2023.02.12"]
[Round "-"]
[White "Kid A"]
[Black "David Hartley"]
[Result "1-0"]
[WhiteCountry "FIN"]
[BlackCountry "ENG"]
[WhiteElo "1931"]
[WhiteRD "83"]
[BlackElo "1832"]
[BlackRD "76"]
[GameID "731369"]

1. e4 c5 2. Nc3 Nc6 3. Nf3 d6 4. d4 cxd4 5. Nxd4 Nf6 6. Be2 e5 7. Ndb5 a6 8. Na3 b5 9. Nd5 Nxe4 10. O-O h6
11. c4 bxc4 12. Bxc4 Be6 13. Be3 Nf6 14. Bb6 Qc8 15. Nc7+ Ke7 16. Bxe6 fxe6 17. Rc1 Qb7 18. Qb3 d5 19. Bc5+
1-0

[Event "Winters "]
[Site "SchemingMind.com"]
[Date "2023.02.12"]
[Round "-"]
[White "David Hartley"]
[Black "Kid A"]
[Result "0-1"]
[WhiteCountry "ENG"]
[BlackCountry "FIN"]
[WhiteElo "1730"]
[WhiteRD "79"]
[BlackElo "1984"]
[BlackRD "85"]
[GameID "731370"]

1. d4 d5 2. c4 c6 3. Nc3 Nf6 4. e3 e6 5. Nf3 Nbd7 6. Qc2 Be7 7. Bd3 h6 8. O-O O-O 9. b3 a6 10. Bb2 Re8
11. Rfe1 c5 12. dxc5 Nxc5 13. Be2 b6 14. Rad1 Bb7 15. cxd5 exd5 16. Bc4 Rc8 17. e4 b5 18. Bxd5 Bxd5 19. Nxd5 Ncd7 20. Nxf6+ Bxf6
21. Qb1 Bxb2 22. Qxb2 Qe7 23. Nd2 Ne5 24. Qb1 Red8 25. Re2 Nd3 26. Nf3 Nf4 27. Red2 Rxd2 28. Rxd2 Qf6 29. e5 Qg6 30. Qf1 Rc1
31. Ne1 Rxe1
0-1

[Event "Winters "]
[Site "SchemingMind.com"]
[Date "2023.02.09"]
[Round "-"]
[White "Kid A"]
[Black "Clive Everill"]
[Result "1-0"]
[WhiteCountry "FIN"]
[BlackCountry "CZE"]
[WhiteElo "1843"]
[WhiteRD "89"]
[BlackElo "1708"]
[BlackRD "56"]
[GameID "731371"]

1. e4 c5 2. d4 cxd4 3. c3 dxc3 4. Nxc3 e6 5. Nf3 a6 6. Bc4 Nc6 7. O-O Nge7 8. Qe2 b5 9. Bb3 Ng6 10. Rd1 Be7
11. Be3 O-O 12. Rac1 Bb7 13. a3 Na5 14. Ba2 Rc8 15. Bd4 Nf4 16. Qe3 Ng6 17. Bb6 Qe8 18. Bxa5 Bc5 19. Qd2 d6 20. b4 Bxb4
21. Bxb4 Qd7 22. Qxd6 Qxd6 23. Bxd6 Rfd8 24. Ng5 h6 25. Nxe6 Rd7 26. Nc5 Rxc5 27. Bxc5
1-0

[Event "Winters "]
[Site "SchemingMind.com"]
[Date "2023.02.09"]
[Round "-"]
[White "Clive Everill"]
[Black "Kid A"]
[Result "0-1"]
[WhiteCountry "CZE"]
[BlackCountry "FIN"]
[WhiteElo "1675"]
[WhiteRD "55"]
[BlackElo "1931"]
[BlackRD "83"]
[GameID "731372"]

1. e4 e5 2. Nc3 Nf6 3. g3 Nc6 4. Bg2 Bc5 5. Nf3 d6 6. d3 Bg4 7. h3 Bxf3 8. Qxf3 Nd4 9. Qd1 c6 10. Bg5 h6
11. Be3 b5 12. a3 a5 13. O-O Qb6 14. Re1 O-O 15. Kh2 Rad8 16. f4 exf4 17. Bxf4 Ne6 18. Bd2 h5 19. Ne2 Bf2 20. Rf1 h4
21. g4 Qc5 22. c3 Be3 23. Bxe3 Qxe3 24. Rf3 Qa7 25. Qe1 Qc7 26. Qxh4 d5+ 27. Qg3 dxe4 28. dxe4 Nxe4 29. Qxc7 Nxc7 30. Re3 Nd2
31. b4 Nc4 32. Re7 Nd5 33. Ra7 Rfe8 34. Nd4 Nxc3 35. Nxc6 Rd2 36. bxa5 Ree2 37. Rg1 Ne3 38. Ra8+ Kh7 39. Kg3 Nxg2 40. Nd8 Re3+
41. Kh2 Nh4+
0-1

[Event "Winters "]
[Site "SchemingMind.com"]
[Date "2023.02.09"]
[Round "-"]
[White "Kid A"]
[Black "kenneth m day"]
[Result "1-0"]
[WhiteCountry "FIN"]
[BlackCountry "USA"]
[WhiteElo "1931"]
[WhiteRD "83"]
[BlackElo "1679"]
[BlackRD "60"]
[GameID "731373"]

1. e4 e5 2. Nf3 d5 3. exd5 Bd6 4. d4 e4 5. Ne5 Nf6 6. Nc3 Nbd7 7. Bf4 O-O 8. Bc4 c6 9. dxc6 bxc6 10. Nxf7 Rxf7
11. Bxf7+ Kxf7 12. Bxd6 Nb6 13. Be5 Be6 14. O-O Nc4 15. Bxf6 Qxf6 16. Nxe4 Qg6 17. Qf3+ Kg8 18. b3 Nb6 19. Rfe1 Bd5 20. c4 Rf8
21. Qe3 Bf7 22. Qg5 Qxg5 23. Nxg5 Bg6 24. Re6 Be8 25. Rae1 Bd7 26. Re7 h6 27. Ne6 Rf7 28. Nc5
1-0

[Event "Winters "]
[Site "SchemingMind.com"]
[Date "2023.02.10"]
[Round "-"]
[White "kenneth m day"]
[Black "Kid A"]
[Result "0-1"]
[WhiteCountry "USA"]
[BlackCountry "FIN"]
[WhiteElo "1664"]
[WhiteRD "61"]
[BlackElo "1972"]
[BlackRD "81"]
[GameID "731374"]

1. e4 e5 2. Nf3 Nc6 3. c3 Nf6 4. d4 Nxe4 5. d5 Nb8 6. Nxe5 Bc5 7. Nd3 O-O 8. Nxc5 Nxc5 9. Be3 Re8 10. Be2 d6
11. O-O Bf5 12. Nd2 Nbd7 13. Bd4 Ne5 14. Nf3 Ne4 15. Nxe5 dxe5 16. Be3 Qd6 17. c4 b6 18. Bf3 Nc5 19. Bg4 Bg6 20. h4 f5
21. Be2 f4 22. Bd2 a5 23. Rc1 e4 24. Bc3 Qe7 25. h5 Bf5 26. Re1 Qg5 27. Kf1 f3 28. gxf3 Bh3#
0-1

[Event "Winters "]
[Site "SchemingMind.com"]
[Date "2023.02.10"]
[Round "-"]
[White "WillyCasanova"]
[Black "Kid A"]
[Result "0-1"]
[WhiteCountry "MEX"]
[BlackCountry "FIN"]
[WhiteElo "955"]
[WhiteRD "142"]
[BlackElo "1972"]
[BlackRD "81"]
[GameID "731376"]

1. d4 Nf6 2. c4 g6 3. Nc3 d5 4. cxd5 Nxd5 5. e4 Nxc3 6. bxc3 Bg7 7. Nf3 c5 8. Bb5+ Bd7 9. Be2 O-O 10. O-O cxd4
11. cxd4 Nc6
0-1

[Event "Winters "]
[Site "SchemingMind.com"]
[Date "2023.02.09"]
[Round "-"]
[White "Kid A"]
[Black "Arnold Jones"]
[Result "1-0"]
[WhiteCountry "FIN"]
[BlackCountry "ENG"]
[WhiteElo "1843"]
[WhiteRD "89"]
[BlackElo "1556"]
[BlackRD "60"]
[GameID "731379"]

1. e4 c5 2. Nc3 e5 3. Nf3 Nc6 4. Bc4 Nf6 5. Ng5 d5 6. exd5 Nd4 7. d6 Be6 8. d3 Bxc4 9. dxc4 Bxd6 10. O-O Qd7
11. Nce4 Nxe4 12. Nxe4 O-O 13. c3 f5 14. cxd4 exd4 15. Nxd6 Qxd6 16. Qf3 Qd7 17. Bf4 d3 18. Rfd1 Qd4 19. Qd5+ Qxd5 20. cxd5 c4
21. b3 b5 22. Rac1 Rac8 23. Kf1 Rfe8 24. d6 Re2 25. bxc4 bxc4 26. Rxd3 Re4 27. g3 h6 28. Rd5 g6 29. Bxh6 Kf7 30. d7 Rd8
31. Bg5 Ke6 32. Rcd1 c3 33. Bxd8 c2 34. Rd6+ Kf7 35. Rc1 Rc4 36. Bg5
1-0

[Event "Winters "]
[Site "SchemingMind.com"]
[Date "2023.02.09"]
[Round "-"]
[White "Arnold Jones"]
[Black "Kid A"]
[Result "0-1"]
[WhiteCountry "ENG"]
[BlackCountry "FIN"]
[WhiteElo "1556"]
[WhiteRD "60"]
[BlackElo "1843"]
[BlackRD "89"]
[GameID "731380"]

1. d4 e5 2. dxe5 Nc6 3. Nf3 Nge7 4. e4 Ng6 5. Bg5 Be7 6. Qd5 Bxg5 7. Bc4 O-O 8. e6 Bf6 9. exf7+ Kh8 10. c3 d6
11. Qd2 Nce5 12. Nxe5 Nxe5 13. Bb3 Qe7 14. O-O Be6 15. Bxe6 Qxe6 16. Qd5 Qxd5 17. exd5 Rxf7 18. Nd2 Nd3 19. Rab1 Nxb2 20. Rxb2 Bxc3
21. Rc2 Bxd2 22. Rxd2 Re8 23. f4 Ref8 24. g3 Rf5 25. Re1 g5 26. Rd4 gxf4 27. gxf4 Rxf4 28. Rxf4 Rxf4 29. Rd1 Kg7 30. Rd3 h5
31. h3 Kf6 32. Kg2 Ke5 33. Rc3 Rf7 34. Rd3 Ke4 35. Rd1 b5 36. Kg3 a5 37. Kh4 Rf5 38. Rc1 Kxd5 39. Rxc7 b4 40. Rc2 a4
41. Kg3 b3 42. axb3 axb3 43. Rd2+ Kc5 44. Rd3 Kc4 45. Rxd6 b2 46. Rb6 Rb5 47. Rxb5 Kxb5 48. Kh4 b1=Q 49. Kxh5 Qg1 50. h4 Kc6
51. Kh6 Kd6 52. h5 Ke6 53. Kh7 Kf7
0-1

[Event "Winters "]
[Site "SchemingMind.com"]
[Date "2023.02.13"]
[Round "-"]
[White "David Hartley"]
[Black "Arnold Jones"]
[Result "1/2-1/2"]
[WhiteCountry "ENG"]
[BlackCountry "ENG"]
[WhiteElo "1832"]
[WhiteRD "76"]
[BlackElo "1604"]
[BlackRD "57"]
[GameID "731381"]

1. d4 f5 2. g3 d6 3. Bg2 Nf6 4. Nf3 Ne4 5. Nc3 Nxc3 6. bxc3 c6 7. c4 Be6 8. Qd3 Qa5+ 9. c3 Nd7 10. Be3 Qa6
11. c5 Qxd3 12. exd3 d5 13. Ne5 O-O-O 14. O-O Nxe5 15. dxe5 h6 16. f4 Bf7 17. Bf3 e6 18. d4 Be7 19. Rf2 g5 20. Rb1 g4
21. Bd1 h5 22. Rfb2 Rd7 23. Ba4 Rc7 24. Bd1 h4 25. Bf2 hxg3 26. Bxg3 Bh4 27. Rg2 Bxg3 28. Rxg3 Be8 29. Rb2 Rch7 30. Rf2 Kc7
31. Be2 b6 32. Bf1 Rh4 33. Rfg2 Rh3 34. Rb2 Rxg3+ 35. hxg3 b5 36. Bg2 Bd7 37. Kf1 a5 38. Ke1 a4 39. a3=
1/2-1/2

[Event "Winters "]
[Site "SchemingMind.com"]
[Date "2023.02.12"]
[Round "-"]
[White "Arnold Jones"]
[Black "David Hartley"]
[Result "1-0"]
[WhiteCountry "ENG"]
[BlackCountry "ENG"]
[WhiteElo "1604"]
[WhiteRD "57"]
[BlackElo "1832"]
[BlackRD "76"]
[GameID "731382"]

1. d4 Nf6 2. c4 g6 3. Nc3 d5 4. Nf3 Bg7 5. Bf4 O-O 6. g3 Nc6 7. Nb5 a6 8. Nxc7 Ra7 9. Nxd5 Nxd5 10. cxd5 Qxd5
11. e3 Bg4 12. Bg2 b5 13. O-O Qh5 14. Rc1 e5 15. Rxc6 exf4 16. Rc5 Qh6 17. e4 Bf6 18. h4 Qg7 19. e5 Be7 20. Rc1 fxg3
21. fxg3 Rd8 22. Qd2 Rad7 23. Qf4 Bxf3 24. Qxf3 Rxd4 25. Rce1 Bc5 26. Kh2 Rd2 27. Qb7 Rxb2 28. Rf6 Bd4 29. Ref1 Bxe5 30. Rxf7 Qh6
31. Kh3 Rbd2 32. Re7 Bxg3 33. Re8+
1-0

[Event "Winters "]
[Site "SchemingMind.com"]
[Date "2023.02.09"]
[Round "-"]
[White "Clive Everill"]
[Black "Arnold Jones"]
[Result "1-0"]
[WhiteCountry "CZE"]
[BlackCountry "ENG"]
[WhiteElo "1708"]
[WhiteRD "56"]
[BlackElo "1556"]
[BlackRD "60"]
[GameID "731383"]

1. e4 c5 2. Nc3 e6 3. Nf3 d5 4. exd5 exd5 5. Bb5+ Nc6 6. d4 Bg4 7. O-O Be7 8. Qd3 Bxf3 9. Qxf3 Nf6 10. dxc5 d4
11. Bxc6+ bxc6 12. Qxc6+ Nd7 13. Nd5 Rc8 14. Qa4 Rxc5 15. Nxe7 Qxe7 16. Bd2 O-O 17. Bb4 Nb6 18. Bxc5 Qxc5 19. Qxa7 Qd6 20. Rad1 Ra8
21. Qb7 Rxa2 22. Rxd4 Qf8 23. Qxb6 Ra8 24. Rfd1 Re8 25. c4 g6 26. Qf6 Qb4 27. Rd8 Kf8 28. Rxe8+ Kxe8 29. Rd8#
1-0

[Event "Winters "]
[Site "SchemingMind.com"]
[Date "2023.02.10"]
[Round "-"]
[White "Arnold Jones"]
[Black "Clive Everill"]
[Result "0-1"]
[WhiteCountry "ENG"]
[BlackCountry "CZE"]
[WhiteElo "1556"]
[WhiteRD "60"]
[BlackElo "1708"]
[BlackRD "56"]
[GameID "731384"]

1. d4 f5 2. g3 Nf6 3. Bg2 g6 4. c4 Bg7 5. Nc3 O-O 6. Nf3 Nc6 7. O-O d6 8. Bf4 Nh5 9. Bg5 h6 10. Bc1 a6
11. Nd5 e6 12. Nf4 Nxf4 13. Bxf4 g5 14. Bc1 Qe7 15. e3 Bd7 16. Ne1 Rad8 17. Nd3 e5 18. Bxc6 Bxc6 19. d5 Bd7 20. a4 e4
21. Nb4 Qe8 22. Qb3 Qh5 23. a5 f4 24. exf4 Bh3 25. Re1 gxf4 26. gxf4 Bg4 27. Qg3 Rde8 28. Nc2 Bf3 29. Be3 Kh7 30. h3 Bxb2
31. Kh2 Bxa1 32. Rg1 Bf6 33. Qg6+ Qxg6 34. Rxg6 Kxg6 35. Ne1 Bc3 36. Nxf3 exf3 37. Kg3 Bxa5 38. Kxf3 Bc3 39. h4 a5 40. c5 a4
41. cxd6 cxd6 42. Ke2 Rxf4 43. Kd3 Rxh4 44. Kxc3 Ree4 45. Bc1 Rh3+ 46. Kc2 Rc4+
0-1

[Event "Winters "]
[Site "SchemingMind.com"]
[Date "2023.02.10"]
[Round "-"]
[White "kenneth m day"]
[Black "Arnold Jones"]
[Result "1-0"]
[WhiteCountry "USA"]
[BlackCountry "ENG"]
[WhiteElo "1664"]
[WhiteRD "61"]
[BlackElo "1562"]
[BlackRD "60"]
[GameID "731385"]

1. e4 c5 2. d4 d5 3. exd5 Qb6 4. Nf3 Nf6 5. dxc5 Qxc5 6. Nc3 a6 7. Be3 Qb4 8. Rb1 Bg4 9. Be2 Nbd7 10. O-O Qd6
11. h3 Bf5 12. Qd2 b5 13. Bf4 Ne4 14. Nxe4 Qb6 15. Ng3 Bg6 16. Rfe1 Nc5 17. Ne5 Ne4 18. Nxe4 Bxe4 19. Bg4 f5 20. Bh5+ g6
21. Bf3 Bxf3 22. Nxf3 Rd8 23. Be5 Rg8 24. Qf4 Rxd5 25. Bc7 Qc5 26. c3 h6 27. Rbd1 g5 28. Qe3 Qxe3 29. fxe3 Rxd1 30. Rxd1 g4
31. Ne5 e6 32. Rd8+ Ke7 33. Nc6+ Kf7 34. Rd7+ Kg6 35. Ne5+ Kh5 36. hxg4+ fxg4 37. Rd8 Rg7 38. Rd7 Rg8 39. Bd6 Bg7 40. Re7 Bxe5
41. Bxe5 Rg6 42. Ra7 Rg5 43. Bf4 Rg6 44. Rxa6 Kh4 45. Rb6 g3 46. Rxb5 Kg4 47. a4 h5 48. a5 Rg8 49. Rg5+ Rxg5 50. Bxg5 Kxg5
51. a6
1-0

[Event "Winters "]
[Site "SchemingMind.com"]
[Date "2023.02.09"]
[Round "-"]
[White "Arnold Jones"]
[Black "kenneth m day"]
[Result "1-0"]
[WhiteCountry "ENG"]
[BlackCountry "USA"]
[WhiteElo "1556"]
[WhiteRD "60"]
[BlackElo "1628"]
[BlackRD "56"]
[GameID "731386"]

1. d4 d5 2. Nf3 Nf6 3. Bf4 Bg4 4. Ne5 Bf5 5. e3 Nbd7 6. Be2 e6 7. Nd2 Bd6 8. g4 Be4 9. f3 Bg6 10. Nxg6 hxg6
11. Bxd6 cxd6 12. h4 e5 13. c4 Rc8 14. Rc1 dxc4 15. Nxc4 Nd5 16. Nxd6+ Ke7 17. Nxc8+ Ke6 18. Qb3 Qa5+ 19. Kf2 Kf6 20. dxe5+ Kxe5
21. f4+ Ke6 22. Rhd1
1-0

[Event "Winters "]
[Site "SchemingMind.com"]
[Date "2023.02.10"]
[Round "-"]
[White "WillyCasanova"]
[Black "Arnold Jones"]
[Result "0-1"]
[WhiteCountry "MEX"]
[BlackCountry "ENG"]
[WhiteElo "963"]
[WhiteRD "141"]
[BlackElo "1604"]
[BlackRD "57"]
[GameID "731388"]

1. d4 Nf6 2. c4 g6 3. Nc3 Bg7 4. e4 d6 5. h3 O-O 6. Be3 e6 7. g4 Nbd7 8. Nge2 c6 9. Ng3 e5 10. d5 Qa5
11. g5 Ne8 12. h4 f5 13. gxf6 Ndxf6
0-1

[Event "Winters "]
[Site "SchemingMind.com"]
[Date "2023.02.14"]
[Round "-"]
[White "Kid A"]
[Black "Stephen Dunning"]
[Result "1-0"]
[WhiteCountry "FIN"]
[BlackCountry "WLS"]
[WhiteElo "1931"]
[WhiteRD "83"]
[BlackElo "1889"]
[BlackRD "71"]
[GameID "731435"]

1. e4 c6 2. d4 d5 3. Nc3 dxe4 4. Nxe4 Bf5 5. Ng3 Bg6 6. h4 h6 7. Nf3 Nd7 8. h5 Bh7 9. Bd3 Bxd3 10. Qxd3 e6
11. Bf4 Qa5+ 12. Bd2 Bb4 13. Ne4 Ngf6 14. Nd6+ Ke7 15. Nxb7 Bxd2+ 16. Nxd2 Qb6 17. Qa3+ c5 18. Nxc5 Nxc5 19. dxc5 Qc6 20. O-O-O Rhc8
21. Nb3 Ne4 22. Rhe1 Ke8 23. Na5 Qxc5 24. Qa4+
1-0

[Event "Winters "]
[Site "SchemingMind.com"]
[Date "2023.02.14"]
[Round "-"]
[White "Stephen Dunning"]
[Black "Kid A"]
[Result "0-1"]
[WhiteCountry "WLS"]
[BlackCountry "FIN"]
[WhiteElo "1876"]
[WhiteRD "73"]
[BlackElo "1972"]
[BlackRD "81"]
[GameID "731436"]

1. d4 Nf6 2. Bf4 e6 3. e3 d5 4. Nf3 c5 5. Nbd2 Nc6 6. c3 Bd6 7. Bg3 O-O 8. Bd3 Qe7 9. Ne5 Bd7 10. O-O Rac8
11. Rc1 a6 12. b3 b5 13. Nxd7 Nxd7 14. Bxd6 Qxd6 15. Nf3 e5 16. dxc5 Nxc5 17. c4 e4 18. Be2 exf3 19. Bxf3 bxc4 20. Rxc4 Ne5
21. Rd4 Nxf3+ 22. Qxf3 Rfd8 23. Rfd1 Ne6 24. R4d2 Qa3 25. g3 h6 26. Rxd5 Rxd5 27. Rxd5 Qxa2 28. Rf5 Ng5 29. Qb7 Qb1+
0-1

[Event "Winters "]
[Site "SchemingMind.com"]
[Date "2023.02.14"]
[Round "-"]
[White "David Hartley"]
[Black "Stephen Dunning"]
[Result "0-1"]
[WhiteCountry "ENG"]
[BlackCountry "WLS"]
[WhiteElo "1707"]
[WhiteRD "75"]
[BlackElo "1888"]
[BlackRD "69"]
[GameID "731437"]

1. d4 d5 2. c4 c6 3. Nf3 Nf6 4. e3 e6 5. Nc3 Nbd7 6. Bd2 b6 7. b3 Bb7 8. Be2 Bd6 9. O-O O-O 10. Re1 Qc7
11. h3 Rad8 12. cxd5 Nxd5 13. Nxd5 exd5 14. Bc3 Nf6 15. Bd3 c5 16. Be2 Rfe8 17. Rc1 Ne4 18. Rf1 c4 19. bxc4 dxc4 20. Qa4 Nxc3
21. Rxc3 Bd5 22. Rfc1 Qe7 23. Kh1 Bb4 24. R3c2 c3 25. Rb1 Be4 26. Bd1 Bxc2 27. Bxc2 a5 28. Ra1 Qd7 29. Qxd7 Rxd7 30. Ba4 Red8
31. Bxd7 Rxd7 32. Ne1 a4 33. Rb1 Ba5 34. Rc1 b5 35. a3 f5 36. Nc2 Kf7 37. Kg1 Ke6 38. Kf1 Kd5 39. Ke2 Kc4 40. Rb1 Rb7
41. f3 b4 42. axb4 Bxb4 43. Kd1 Rb6 44. e4 fxe4 45. fxe4 Ba5 46. Ra1 Kb3 47. Rb1+ Kc4 48. Rxb6 Bxb6
0-1

[Event "Winters "]
[Site "SchemingMind.com"]
[Date "2023.02.15"]
[Round "-"]
[White "Stephen Dunning"]
[Black "David Hartley"]
[Result "1-0"]
[WhiteCountry "WLS"]
[BlackCountry "ENG"]
[WhiteElo "1876"]
[WhiteRD "73"]
[BlackElo "1795"]
[BlackRD "78"]
[GameID "731438"]

1. d4 Nf6 2. c4 e6 3. Nf3 d5 4. Nc3 c6 5. Bg5 Be7 6. e3 Nbd7 7. Bd3 dxc4 8. Bxc4 O-O 9. O-O Nd5 10. Bxe7 Qxe7
11. Rc1 Nxc3 12. Rxc3 Nf6 13. Qd2 Rd8 14. Qc2 h6 15. Ne5 Nd7 16. f4 Nxe5 17. fxe5 Rf8 18. Qe4 f5 19. exf6 gxf6 20. Rf3 f5
21. Rxf5 Rxf5 22. Qxf5 b5 23. Qg6+ Kf8 24. e4 bxc4 25. Rf3+
1-0